South Eastern Kenya University

Library Online Public Access Catalogue


Business. today: (Record no. 9397)

MARC details
000 -LEADER
fixed length control field 00368nam a22001337a 4500
020 ## - ISBN
International Standard Book Number 000313228
050 ## - LIBRARY OF CONGRESS CALL NUMBER
Classification Number HD 62.4
Item Number .R6
100 ## - MAIN ENTRY--Author
Personal name Robbin, P. Stephene
245 ## - TITLE
Title Business. today:
Remainder of title the new world of business/
Statement of responsibility, etc Stephene P. Robbin,
260 ## - PUBLICATION, DISTRIBUTION, ETC.(IMPRINT)
Place of publication, distribution, etc Australia:
Name of publisher, distributor, etc South-Western,Thomson Learning
Date of publication, distribution, etc 2001
300 ## - PHYSICAL DESCRIPTION
Extent 565p.:
650 ## - SUBJECT--TOPIC
Topical term following geographic name as entry element Business
942 ## - ADDED ENTRY ELEMENTS(KOHA)
Source of classification or shelving scheme Library of Congress Classification
Koha item type General circulation
Holdings
Source of classification or shelving scheme Not for loan Location (home branch) Sublocation (holding branch) Date accessioned Source of acquisition Full call number Barcode Koha item type
Library of Congress Classification   SEHSS - Library SEHSS - Library 08/10/2015 Donation-Books for Africa [EHS] HD 62.4 .R6 2015/008659 General circulation
Kitui, Kenya.
+254736116989
library@seku.ac.ke